LEADER 01700cam a2200337 a 4500
001 c000259629
003 CARM
005 20070503133652.0
008 931026s1992 mdu b f000 0 eng
010 |a 94197000 
019 1 |a 10461860  |5 LACONCORD2021 
035 |a (OCoLC)31293874  |5 LACONCORD2021 
040 |a LC  |b eng  |c LC  |d LC 
050 0 |a QC100  |b .U57 no. 835  |a Z7914.B9  |a TA654.6 
082 0 0 |a 602/.18 s  |2 20 
082 0 0 |a 624.1/762  |2 20 
110 2 |a United States-Japan Cooperative Program in Natural Resources.  |b Panel on Wind and Seismic Effects. 
245 1 0 |a List of publications 1969-1991, Panel on Wind and Seismic Effects /  |c Ken-ichi Tokida and Noel J. Raufaste, editors ; [Panel on Wind and Seismic Effects of U.S.-Japan Cooperative Program in Natural Resources]. 
260 |a Gaithersburg, MD :  |b U.S. Dept. of Commerce, Technology Administration, National Institute of Standards and Technology ;  |a Washington, DC :  |b For sale by the Supt. of Docs., U.S. G.P.O.,  |c [1992]. 
300 |a viii, 77 p. ;  |c 30 cm. 
440 0 |a NIST special publication ;  |v 835 
500 |a "March 1992." 
610 2 0 |a United States-Japan Cooperative Program in Natural Resources. Panel on Wind and Seismic Effects  |v Bibliography. 
650 0 |a Earthquake engineering  |v Bibliography. 
650 0 |a Wind resistant design  |v Bibliography. 
700 1 |a Raufaste, Noel J. 
700 1 |a Tokida, Ken-ichi. 
710 2 |a National Institute of Standards and Technology (U.S.) 
852 8 |b CARM  |h A1:AP27C0  |i F02021  |p 0342521  |f BK 
999 f f |i bd87b906-90c4-55f2-9ea5-22325e464d6b  |s b85b1438-d60f-5161-b66e-739481bdd75d 
952 f f |p Can circulate  |a CAVAL  |b CAVAL  |c CAVAL  |d CARM 1 Store  |e F02021  |f A1:AP27C0  |h Other scheme  |i book  |m 0342521